[Event "45th Olympiad Budapest 2024"]
[Site "Budapest"]
[Date "2024.09.13"]
[Round "3"]
[Board "3"]
[White "Brown, Raehanna"]
[Black "Milovic, Aleksandra"]
[Result "0-1"]
[WhiteElo "1910"]
[BlackElo "2121"]
[PlyCount "70"]
[EventDate "2024.09.11"]
[EventType "team-tourn"]
[EventRounds "11"]
[EventCountry "HUN"]
[WhiteTeam "Jamaica"]
[BlackTeam "Montenegro"]
[WhiteTeamCountry "JAM"]
[BlackTeamCountry "MNE"]

1. d4 {[%emt 0:00:02]} Nf6 {[%emt 0:00:30]} 2. Nf3 {[%emt 0:00:07]} e6 {[%emt 0:00:31]} 3. e3 {[%emt 0:00:21]} b6 {[%emt 0:02:10]} 4. Bd3 {[%emt 0:00:32]} Bb7 {[%emt 0:00:10]} 5. Nbd2 {[%emt 0:00:23]} c5 {[%emt 0:01:47]} 6. O-O {[%emt 0:00:53]} Qc7 {[%emt 0:04:15]} ({RR} 6... Rg8 7. Qe2 g5 8. c4 g4 9. Ne1 Nc6 10. Nc2 Qc7 11. Rd1 h5 12. Nf1 h4 13. b4 Nxb4 14. Nxb4 cxb4 15. e4 Nh5 16. d5 Nf4 17. Bxf4 Qxf4 18. Qe3 Qc7 19. Qe2 O-O-O 20. Rac1 Bc5 21. e5 {0-1 Castillo Pena,P (1810)-Milovic,A (2176) Olympiad Women-43 2018 (10.1)}) 7. b3 {[%emt 0:04:18]} ({RR} 7. c3 d5 8. Ne5 Bd6 9. f4 O-O 10. Qe2 a5 11. Rf3 Ba6 12. Rh3 Bxd3 13. Qxd3 Nbd7 14. Nf1 Ne4 15. g4 f5 16. gxf5 Rxf5 17. Ng3 Nxg3 18. hxg3 Bxe5 19. g4 Bd6 20. gxf5 Nf6 21. fxe6 Qe7 {½-½ Nikolac,J (2500)-Popovic,P (2570) YUG-chT 40th 1988}) 7... Rg8 $146 {[%emt 0:09:59]} ({RR} 7... Nc6 8. Bb2 cxd4 9. Nxd4 Nxd4 10. exd4 Bd6 11. Nf3 Ng4 12. g3 h5 13. Re1 h4 14. Bf5 Nxh2 15. Nxh2 hxg3 16. f3 g2 17. Ng4 Bh2+ 18. Kxg2 Qg3+ 19. Kf1 Bxf3 {0-1 Steiner,E-Walter,M Bad Pistyan Breyer Memorial-B 1922}) ({RR} 7... d6 8. Bb2 Nbd7 9. c4 a6 10. Rc1 Be7 11. Qe2 h6 12. e4 cxd4 13. Bxd4 O-O 14. b4 Rac8 15. h3 Rfd8 16. Rfd1 Ne5 17. Bb1 Nfd7 18. Qe3 Bf6 19. Nxe5 Bxe5 20. Nf3 Bxd4 21. Qxd4 Nf8 22. Qe3 {0-1 Castillo Pena,P (1798)-Pinero,C (2246) Titled Tue 8th Aug Early 2023 (1)}) ({RR} 7... Nc6 8. a3 cxd4 9. exd4 Nd5 10. c4 Nf4 11. Bc2 f5 12. d5 Ne5 13. Bb2 Nxf3+ 14. Nxf3 Bd6 15. g3 Ng6 16. Nd4 O-O-O 17. Rc1 a6 18. b4 Kb8 19. Ba4 f4 20. c5 fxg3 21. hxg3 Bxg3 22. d6 {0-1 Cabrera,D (2077)-Gemy Vargas,J (2383) Rio Branco Acre op 2017 (5)}) ({RR} 7... Be7 8. Bb2 d6 9. c4 Nbd7 10. Rc1 a6 11. Qe2 O-O 12. Ng5 h6 13. Nh3 Qc6 14. f4 d5 15. f5 dxc4 16. bxc4 exf5 17. d5 Qd6 18. Rxf5 g6 19. Rff1 Ne5 20. Bxe5 Qxe5 21. Nf3 Qb8 22. e4 {1-0 Cherednichenko,S (2279)-Rigopoulos Tsigkos,A (2095) EU-ch 13th Plovdiv 2012 (11)}) 8. Bb2 {[%emt 0:05:54]} Be7 {[%emt 0:00:45]} 9. c4 {[%emt 0:17:44]} g5 {[%emt 0:04:02]} 10. e4 {[%emt 0:14:20]} g4 {[%emt 0:01:20]} 11. Ne1 {[%emt 0:00:09]} cxd4 {[%emt 0:03:11]} 12. Bxd4 {[%emt 0:01:04]} Nc6 {[%emt 0:01:31]} 13. Bb2 {[%emt 0:00:50]} Ne5 {[%emt 0:10:24]} 14. Bc2 {[%emt 0:08:12]} O-O-O {[%emt 0:09:08]} 15. Rc1 {[%emt 0:17:32]} Nh5 {[%emt 0:02:44]} 16. Bxe5 {[%emt 0:09:19]} Qxe5 {[%emt 0:00:18]} 17. Nd3 {[%emt 0:00:05]} Qd4 {[%emt 0:05:03]} 18. Qe2 {[%emt 0:04:20]} Bg5 {[%emt 0:07:49]} 19. c5 {[%emt 0:06:33]} Bxd2 {[%emt 0:00:41]} 20. Qxd2 {[%emt 0:00:02]} g3 {[%emt 0:06:26]} 21. Qb4 {[%emt 0:03:35]} gxh2+ {[%emt 0:03:11]} 22. Kh1 {[%emt 0:00:39]} Qxe4 {[%emt 0:06:22]} 23. Qxe4 {[%emt 0:00:09]} Bxe4 {[%emt 0:00:04]} 24. Ne1 {[%emt 0:00:08]} Bc6 {[%emt 0:02:10]} 25. cxb6 {[%emt 0:01:51]} Kb7 {[%emt 0:06:16]} 26. Kxh2 {[%emt 0:02:27]} Nf4 {[%emt 0:00:31]} 27. g3 {[%emt 0:00:58]} Ne2 {[%emt 0:00:22]} 28. Rd1 {[%emt 0:01:02]} Rg5 {[%emt 0:01:24]} 29. Ng2 {[%emt 0:00:28]} Rdg8 {[%emt 0:01:39]} 30. Nh4 {[%emt 0:00:40]} Rh5 {[%emt 0:03:24]} 31. Kh3 {[%emt 0:00:07]} Nf4+ {[%emt 0:01:18]} 32. Kh2 {[%emt 0:00:40]} Rxh4+ {[%emt 0:01:02]} 33. gxh4 {[%emt 0:00:02]} Rg2+ {[%emt 0:00:07]} 34. Kh1 {[%emt 0:00:07]} Rxf2+ {[%emt 0:00:10]} 35. Kg1 {[%emt 0:00:09]} Nh3# {[%emt 0:00:07]} 0-1

[Event "45th Olympiad Budapest 2024"]
[Site "Budapest"]
[Date "2024.09.13"]
[Round "3"]
[Board "4"]
[White "Koljevic, Nikolina"]
[Black "McKoy, Arielle"]
[Result "1-0"]
[WhiteElo "2030"]
[BlackElo "1441"]
[PlyCount "71"]
[EventDate "2024.09.11"]
[EventType "team-tourn"]
[EventRounds "11"]
[EventCountry "HUN"]
[WhiteTeam "Montenegro"]
[BlackTeam "Jamaica"]
[WhiteTeamCountry "MNE"]
[BlackTeamCountry "JAM"]

1. e4 {[%emt 0:00:03] Marin,Mihail} e5 {[%emt 0:00:07]} 2. Nc3 {[%emt 0:00:09]} Nf6 {[%emt 0:00:25]} 3. Nf3 {[%emt 0:00:27]} Nc6 {[%emt 0:00:10]} 4. Bb5 {[%emt 0:00:05]} Bd6 {[%emt 0:00:20]} 5. O-O {[%emt 0:01:28]} O-O {[%emt 0:01:07]} 6. d3 {[%emt 0:02:56]} ({RR} 6. a3 Nd4 7. Bc4 c6 8. d3 Bc7 9. h3 d5) 6... h6 {[%emt 0:03:46]} ({RR} 6... a6 7. Ba4 b5 8. Bb3 Na5 9. Ne2 Re8 10. Ng3 Bf8 11. Bd2 Nxb3 12. axb3 h6 ({RR} 12... d5 13. Bg5 Bb7 14. Nh5 Be7) 13. c4 Rb8 14. Qc2 d6 15. d4 exd4 16. Nxd4 Bb7 17. f3) 7. a3 {[%emt 0:05:09]} Re8 {[%emt 0:02:34]} 8. Bc4 {[%emt 0:01:08]} ({RR} 8. Ne2 Ne7 9. Ng3 Ng6 10. Re1 c6 11. Ba4 Bc7 12. c3 d5) 8... a6 {[%emt 0:05:40]} ({RR} 8... Bc5 9. Be3 Bxe3 ({RR} 9... Bb6 10. Qd2 d6 ({RR} 10... Bxe3 11. fxe3 d6 12. Nh4 Be6 13. Nf5) 11. Bxh6 gxh6 12. Qxh6 Re6 ({RR} 12... Nh7 13. Bxf7+) ({RR} 12... Be6 13. Ng5 Bxc4 14. dxc4 Nb8 15. Nd5 Nbd7 16. Rad1) 13. Bxe6 fxe6 ({RR} 13... Bxe6 14. Ng5) 14. Qg6+ Kf8 ({RR} 14... Kh8 15. Ng5) 15. Qh6+ ({RR} 15. Na4 Qe7 16. Nxb6 axb6 17. c3) 15... Ke7 16. Qg7+ Ke8 17. Na4) ({RR} 9... d6 10. h3 ({RR} 10. Qd2 Bxe3 11. fxe3 Ne7 12. Nh4 c6) ({RR} 10. Bxc5 dxc5) 10... Be6 11. Bxe6 Rxe6 12. Bxc5 dxc5 13. Nd2 Nd4 14. Nc4 Nd7 ({RR} 14... g6 15. Ne2 Nh5) 15. Nd5 c6 16. Nde3 Rg6 17. c3 Ne6 18. Kh2 b5 19. Nd2 Nf4 20. Nf3 Rd6 21. d4) 10. fxe3 d6 11. Nh4 Be6 12. Nf5 Bxc4 ({RR} 12... Kh7 13. Nd5 Bxd5 14. Bxd5 Nxd5 15. exd5 Ne7 ({RR} 15... Nb8 16. Qh5 Qg5 ({RR} 16... Rf8 17. Nxg7 Kxg7 18. Rf3) 17. Nxg7) 16. Qg4 Ng6 ({RR} 16... g6 17. Nxh6 Kxh6 18. Qh4+ Kg7 19. Qf6+ Kh6 20. Rf3) 17. h4) ({RR} 12... Nb8 13. Qf3 ({RR} 13. Nd5 Nbd7) 13... Nbd7) 13. dxc4 Kh7 ({RR} 13... Nb8 14. c5 dxc5 15. Nxh6+ gxh6 16. Qxd8 Rxd8 17. Rxf6) ({RR} 13... Re6 14. Qf3 Nb8 15. g4 Nbd7 16. Kh1) 14. Qf3 Nb8 ({RR} 14... Ng8 15. Rad1 ({RR} 15. c5 dxc5 16. Rad1 Qg5 17. Rd7) 15... b6 ({RR} 15... g6 16. Nxd6 cxd6 17. Qxf7+ Kh8 18. Qxg6 Rf8 19. Nb5) 16. Qg3 Qg5 ({RR} 16... g6 17. Nd4 exd4 18. Rxf7+ Kh8 19. Qxg6) 17. Nd5 Rac8 18. Qh3 g6 19. Rf3 gxf5 20. Rg3 Qd8 21. Qxf5+ Kh8 22. Qg4 Qg5 23. Qh3 Qd8 24. Rf1 Rf8 25. Rxg8+ Kxg8 26. Qxh6) 15. Nxh6 Kxh6 16. Qh3+ Kg6 17. Rf3 Nh5 18. Rf5 Nf6 ({RR} 18... Rh8 19. Qg4+) 19. Qh4 {1-0 Anand,V (2784)-Aronian,L (2792) Zuerich Chess Challenge Rapid 5th 2016 (1)} {RR} Ng8 20. Qh5#) ({RR} 8... Bf8 9. h3 d6 10. Be3 ({RR} 10. Nh2 Be6 11. Nd5 Bxd5 12. exd5 Ne7 13. Qf3) 10... a6 11. b4 Ne7 12. Bb3 Ng6 13. Re1) 9. b4 $146 {[%emt 0:05:36]} ({RR} 9. Ne2 Bf8 10. Ng3 d5 11. exd5 Nxd5 12. Re1 Nb6 13. Ba2 g6 14. Be3 Bg7 15. Qd2 Bg4 16. Qd1 Nd5 17. h3 Be6 18. Bd2 f5 19. Qe2 Kh7 20. h4 Qd7 21. h5 g5 22. Bxg5 hxg5 23. Nxg5+ Kh8 {1-0 Albornoz Cabrera,C (2586)-Postlmayer,J (2347) Titled Tue 2nd May Early 2023 (4)}) ({RR} 9. h3 Bf8 10. Be3 d6 11. Re1 Be6 12. b4 d5 13. exd5 Nxd5 14. Nxd5 Bxd5 15. Bxd5 Qxd5 16. c4 Qd7 17. Qb3 Rad8 18. Rad1 Re6 19. Qc3 Rde8 20. d4 exd4 21. Nxd4 Nxd4 22. Rxd4 Qc6 23. Red1 Be7 {0-1 Rudzinska,M (2241)-Khademalsharieh,S (2486) European Women Blitz 2023 2024 (9.12)}) ({RR} 9. h3 Bc5 10. Be3 d6 11. Bxc5 dxc5 12. Nd5 Be6 13. Ne3 Nd4 14. c3 Nxf3+ 15. Qxf3 Nd7 16. Rad1 b5 17. Bxe6 fxe6 18. d4 exd4 19. cxd4 cxd4 20. Rxd4 Ne5 21. Qd1 Qe7 22. f4 Nc6 23. Rd7 Qc5 {0-1 Delorme,A (2337)-Barp,A (2396) Titled Tuesday intern op 1st Oct blitz 2019 (1)}) ({RR} 9. Be3 Bf8 10. Qd2 d6 11. h3 Ne7 12. Nh4 g5 13. Nf3 Ng6 14. d4 Qe7 15. dxe5 dxe5 16. Rad1 Be6 17. Bxe6 Qxe6 18. Rfe1 b5 19. b4 Qc6 20. Qd3 a5 21. Nd5 axb4 22. axb4 Nxd5 23. exd5 Qd7 {0-1 Sapir,O (1383)-Shefer,U (1854) ISR-chT U14 Afula 2022 (2)}) 9... b5 {[%emt 0:02:08]} 10. Ba2 {[%emt 0:03:17]} Bb7 {[%emt 0:07:34]} 11. Ne2 {[%emt 0:10:30]} Be7 {[%emt 0:08:31]} 12. Ng3 {[%emt 0:06:09]} d5 {[%emt 0:06:59]} 13. Bb2 {[%emt 0:01:34]} Bf8 {[%emt 0:01:04]} 14. Nd2 {[%emt 0:11:15]} a5 {[%emt 0:15:49]} 15. bxa5 {[%emt 0:12:15]} Nxa5 {[%emt 0:02:29]} 16. f4 {[%emt 0:03:04]} Nc6 {[%emt 0:04:45]} 17. Nh5 {[%emt 0:06:44]} Nxh5 {[%emt 0:16:30]} 18. Qxh5 {[%emt 0:00:18]} g6 {[%emt 0:00:49]} 19. Qg4 {[%emt 0:02:09]} Bc5+ {[%emt 0:03:10]} 20. Kh1 {[%emt 0:00:38]} Rf8 {[%emt 0:02:03]} 21. Bxd5 {[%emt 0:00:47]} Kh7 {[%emt 0:01:41]} 22. fxe5 {[%emt 0:01:51]} Qe7 {[%emt 0:00:52]} 23. Nb3 {[%emt 0:03:23]} Bb6 {[%emt 0:02:07]} 24. Qf4 {[%emt 0:01:54]} Nd8 {[%emt 0:02:31]} 25. Bc1 {[%emt 0:02:18]} g5 {[%emt 0:00:45]} 26. Qf5+ {[%emt 0:00:10]} Kg7 {[%emt 0:00:18]} 27. Bb2 {[%emt 0:01:42]} Bxd5 {[%emt 0:00:47]} 28. exd5 {[%emt 0:00:19]} Kg8 {[%emt 0:01:08]} 29. Nd2 {[%emt 0:00:27]} Ra6 {[%emt 0:00:48]} 30. Ne4 {[%emt 0:00:21]} Bc5 {[%emt 0:00:48]} 31. d6 {[%emt 0:00:48]} Rxd6 {[%emt 0:01:22]} 32. exd6 {[%emt 0:00:14]} Qxe4 {[%emt 0:01:21]} 33. dxe4 {[%emt 0:00:31]} Bxd6 {[%emt 0:00:36]} 34. Qf6 {[%emt 0:02:52]} Be5 {[%emt 0:00:26]} 35. Bxe5 {[%emt 0:00:10]} Ne6 {[%emt 0:00:06]} 36. Qh8# {[%emt 0:00:06]} 1-0

[Event "45th Olympiad Budapest 2024"]
[Site "Budapest"]
[Date "2024.09.13"]
[Round "3"]
[Board "1"]
[White "Terao, Juliana Sayumi"]
[Black "Rouda Essa, Alserkal"]
[Result "1-0"]
[WhiteElo "2161"]
[BlackElo "2036"]
[PlyCount "141"]
[EventDate "2024.09.11"]
[EventType "team-tourn"]
[EventRounds "11"]
[EventCountry "HUN"]
[WhiteTeam "Brazil"]
[BlackTeam "United Arab Emirates"]
[WhiteTeamCountry "BRA"]
[BlackTeamCountry "UAE"]

1. e4 {[%emt 0:00:02] ChessBase II} c5 {[%emt 0:00:05]} 2. Nf3 {[%emt 0:00:05]} Nc6 {[%emt 0:00:07]} 3. Bb5 {[%emt 0:00:10]} d6 {[%emt 0:00:35]} 4. O-O {[%emt 0:00:42]} Bd7 {[%emt 0:00:04]} 5. Re1 {[%emt 0:00:33]} Nf6 {[%emt 0:00:06]} 6. c3 {[%emt 0:00:27]} a6 {[%emt 0:00:07]} 7. Bf1 {[%emt 0:00:35]} Bg4 {[%emt 0:00:08]} 8. h3 {[%emt 0:02:03]} Bxf3 {[%emt 0:00:04]} 9. Qxf3 {[%emt 0:00:08]} g6 {[%emt 0:02:04]} 10. d3 {[%emt 0:01:10]} Bg7 {[%emt 0:00:30]} 11. Be3 {[%emt 0:01:50]} O-O {[%emt 0:02:19]} 12. Nd2 {[%emt 0:05:40]} Nd7 {[%emt 0:02:27]} 13. Qd1 {[%emt 0:02:26]} Re8 $146 {[%emt 0:02:51]} ({RR} 13... b5 14. Nf3 Nb6 15. d4 cxd4 16. cxd4 Rc8 17. b3 Nb4 18. Rc1 Nxa2 19. Rxc8 Qxc8 20. Qa1 Nc3 21. Qa5 Na8 22. Bd2 b4 23. Qxb4 Nb5 24. Bxb5 axb5 25. Qxb5 Nc7 26. Qc4 Ne6 ({RR} 26... Qb7 27. Rc1 Nb5 28. d5 Bb2 29. Qc6 Qxc6 30. Rxc6 Ra8 31. Kf1 f5 32. exf5 gxf5 33. Ke2 Ra3 34. Kd3 Ra8 35. Rb6 Nc7 36. Kc4 Bf6 37. Rc6 Ra2 38. Be3 Kf7 39. Ne1 f4 40. Bxf4 Na6 41. Be3) 27. Rc1 Qxc4 28. Rxc4 {1-0 Zubarev,A (2588)-Kuzubov,Y (2661) UKR-ch 83rd Lvov 2014 (10)}) ({RR} 13... Rc8 14. f4 e5 15. f5 gxf5 16. exf5 d5 17. g4 e4 18. Bf4 Nde5 19. dxe4 d4 20. g5 Re8 21. Qh5 dxc3 22. bxc3 Nd3 23. Bxd3 Qxd3 24. f6 Bf8 25. Qf3 c4 26. Qxd3 cxd3 27. e5 Nd8 28. Ne4 {1-0 Kasparov,G (2812)-Vachier Lagrave,M (2715) Clichy m blitz 2011 (1)}) ({RR} 13... b5 14. Nf3 b4 15. d4 bxc3 16. bxc3 Qa5 17. Rc1 Rab8 18. Qd3 Qb5 19. Qxb5 axb5 20. Rb1 b4 21. cxb4 Nxb4 22. dxc5 Nxc5 23. Bxc5 dxc5 24. a3 Nc2 25. Rxb8 Rxb8 26. Rc1 Rb2 27. Bd3 Nd4 28. Rxc5 {½-½ Gitelson,A (2296)-Shubin,K (2459) Korchnoi Mem Open 2024 (6.2)}) ({RR} 13... b5 14. Nf3 b4 15. d4 Qa5 16. Qc2 Rac8 17. d5 Nd4 18. Bxd4 cxd4 19. c4 Qb6 20. Bd3 Ne5 21. Nxe5 Bxe5 22. g3 Bg7 23. Kg2 a5 24. Re2 h5 25. Rae1 h4 26. f4 hxg3 27. Kxg3 e5 28. f5 {0-1 Murzin,V (2513)-Tsyhanchuk,S (2283) Titled Tuesday intern op 26th Oct blitz 2021 (4)}) ({RR} 13... Rc8 14. Nf3 b5 15. d4 cxd4 16. cxd4 Nf6 17. Bd3 Nb4 18. Bb1 Nc6 19. a4 Na5 20. axb5 axb5 21. b3 Nc6 22. Qe2 d5 23. e5 Ne4 24. Qxb5 Nc3 25. Qa6 Qd7 26. Bd2 Nb4 27. Qa5 Qb7 28. Qa7 {1-0 Van Kampen,R (2612)-Aravindh,C (2485) Qatar Masters op 2014 (7)}) 14. Nf3 {[%emt 0:20:06]} Rc8 {[%emt 0:05:27]} 15. Rc1 {[%emt 0:11:21]} Nf6 {[%emt 0:12:43]} 16. Qd2 {[%emt 0:11:26]} e5 {[%emt 0:08:56]} 17. Rcd1 {[%emt 0:05:39]} Qc7 {[%emt 0:05:18]} 18. g3 {[%emt 0:04:09]} Rcd8 {[%emt 0:02:57]} 19. Qc1 {[%emt 0:17:54]} b5 20. Bg2 {[%emt 0:01:06]} a5 {[%emt 0:03:08]} 21. Nh2 {[%emt 0:02:17]} Nb8 {[%emt 0:04:30]} 22. Bg5 {[%emt 0:01:48]} Rd7 {[%emt 0:02:51]} 23. h4 {[%emt 0:12:33]} Qb6 {[%emt 0:04:11]} 24. Nf1 {[%emt 0:03:17]} h5 {[%emt 0:06:07]} 25. Ne3 {[%emt 0:00:45]} Na6 {[%emt 0:01:43]} 26. Bh3 {[%emt 0:01:13]} Rb7 {[%emt 0:00:29]} 27. Kg2 {[%emt 0:03:34]} Nc7 {[%emt 0:02:01]} 28. b3 {[%emt 0:00:27]} Qc6 {[%emt 0:03:57]} 29. Kg1 {[%emt 0:00:57]} Nh7 {[%emt 0:02:41]} 30. Nf1 {[%emt 0:01:08]} Ne6 {[%emt 0:01:37]} 31. Bh6 {[%emt 0:00:19]} Bh8 {[%emt 0:02:43]} 32. f4 {[%emt 0:00:11]} exf4 {[%emt 0:02:50]} 33. gxf4 {[%emt 0:00:05]} b4 {[%emt 0:01:49]} 34. f5 {[%emt 0:00:42]} Nd8 {[%emt 0:04:58]} 35. cxb4 {[%emt 0:00:19]} axb4 {[%emt 0:00:14]} 36. Re2 {[%emt 0:00:34]} Rbe7 {[%emt 0:01:39]} 37. Rg2 {[%emt 0:00:18]} d5 {[%emt 0:00:03]} 38. fxg6 {[%emt 0:01:11]} fxg6 {[%emt 0:00:02]} 39. Bf5 {[%emt 0:00:18]} Re6 {[%emt 0:00:48]} 40. Bxe6+ {[%emt 0:01:46]} Rxe6 {[%emt 0:00:37]} 41. Ng3 {[%emt 0:00:39]} Nf7 {[%emt 0:03:30]} 42. Kh1 {[%emt 0:17:49]} Nxh6 {[%emt 0:06:42]} 43. Qxh6 {[%emt 0:00:08]} Bg7 {[%emt 0:02:57]} 44. Qf4 {[%emt 0:01:56]} Be5 {[%emt 0:01:57]} 45. exd5 {[%emt 0:02:12]} Qxd5 {[%emt 0:02:05]} 46. Qc4 {[%emt 0:01:11]} Nf6 {[%emt 0:02:43]} 47. Nxh5 {[%emt 0:07:59]} Qxc4 {[%emt 0:00:27]} 48. Nxf6+ {[%emt 0:00:04]} Bxf6 {[%emt 0:00:05]} 49. dxc4 {[%emt 0:00:07]} Bxh4 {[%emt 0:00:08]} 50. Rd7 {[%emt 0:00:41]} Be7 {[%emt 0:02:40]} 51. Kh2 {[%emt 0:00:59]} Kf8 {[%emt 0:05:20]} 52. Kh3 {[%emt 0:00:55]} Ke8 {[%emt 0:00:18]} 53. Rd5 {[%emt 0:00:24]} Re3+ {[%emt 0:02:37]} 54. Kg4 {[%emt 0:00:19]} Kf7 {[%emt 0:00:32]} 55. Rf2+ {[%emt 0:00:57]} Ke6 {[%emt 0:01:13]} 56. Kf4 {[%emt 0:00:09]} Re1 {[%emt 0:00:32]} 57. Kf3 {[%emt 0:00:55]} Re5 {[%emt 0:02:49]} 58. Re2 {[%emt 0:00:48]} Rxe2 {[%emt 0:00:05]} 59. Kxe2 {[%emt 0:00:04]} Kf6 {[%emt 0:00:57]} 60. Kf3 {[%emt 0:00:18]} Ke6 {[%emt 0:00:54]} 61. Kf4 {[%emt 0:00:54]} Kf6 {[%emt 0:01:04]} 62. Ke4 {[%emt 0:00:27]} Ke6 {[%emt 0:00:15]} 63. Rd1 {[%emt 0:00:51]} Bh4 {[%emt 0:02:25]} 64. Rg1 {[%emt 0:00:43]} g5 {[%emt 0:00:44]} 65. Rg2 {[%emt 0:00:57]} Kd6 {[%emt 0:01:18]} 66. Kf5 {[%emt 0:00:09]} Kc6 {[%emt 0:00:53]} 67. Rxg5 {[%emt 0:00:23]} Bxg5 {[%emt 0:00:45]} 68. Kxg5 {[%emt 0:00:04]} Kc7 {[%emt 0:00:29]} 69. Kf5 {[%emt 0:00:28]} Kb6 {[%emt 0:00:35]} 70. Ke5 {[%emt 0:00:15]} Kc6 {[%emt 0:00:04]} 71. Ke6 {[%emt 0:00:06]} 1-0

[Event "45th Olympiad Budapest 2024"]
[Site "Budapest"]
[Date "2024.09.13"]
[Round "3"]
[Board "3"]
[White "Alboredo, Julia"]
[Black "Mariam, Essa"]
[Result "1-0"]
[WhiteElo "2127"]
[BlackElo "1779"]
[PlyCount "66"]
[EventDate "2024.09.11"]
[EventType "team-tourn"]
[EventRounds "11"]
[EventCountry "HUN"]
[WhiteTeam "Brazil"]
[BlackTeam "United Arab Emirates"]
[WhiteTeamCountry "BRA"]
[BlackTeamCountry "UAE"]

1. e4 {[%emt 0:00:02]} c5 {[%emt 0:00:04]} 2. Nf3 {[%emt 0:00:10]} g6 {[%emt 0:00:05]} 3. Bc4 {[%emt 0:05:09]} Nc6 {[%emt 0:04:02]} 4. O-O {[%emt 0:00:53]} Bg7 {[%emt 0:00:58]} 5. c3 {[%emt 0:00:59]} f5 $146 {[%emt 0:08:35]} ({RR} 5... Qb6 6. Re1 d6 7. Bb3 Nf6 8. d4 cxd4 9. cxd4 O-O 10. h3 Nh5 11. Be3 Na5 12. Nc3 Nxb3 13. axb3 Qd8 14. e5 f5 15. Bg5 d5 16. Qc1 Be6 17. Ne2 Rc8 18. Qd2 a6 19. Qb4 Qd7 20. Qxe7 {0-1 Lasker,E-Capablanca,J New York International Masters-01 1924 (18)}) ({RR} 5... Na5 6. Be2 Nf6 7. e5 Nd5 8. d4 cxd4 9. Qxd4 Nc7 10. Qh4 h6 11. Qg3 Nc6 12. Re1 b6 13. Bc4 Bb7 14. Na3 Qc8 15. Bd2 Na5 16. Be2 Ne6 17. c4 Nc6 18. Rad1 h5 19. h4 O-O 20. Nb5 {0-1 Georgiev,K (2475)-Pavlovic,M (2455) Ano Liosia op 1993 (4)}) ({RR} 5... Nf6 6. e5 Ng4 7. d4 cxd4 8. cxd4 O-O 9. Nc3 d6 10. h3 Nh6 11. Qe2 Nf5 12. Rd1 Qc7 13. g4 Nh6 14. e6 f6 15. d5 Ne5 16. Nxe5 fxe5 17. Be3 Kh8 18. Rac1 Ng8 19. Rc2 Nf6 20. Rdc1 {1-0 Sielicki,M-Rytel,B (1474) Warsaw op-B 01 2009 (8)}) ({RR} 5... Qb6 6. d3 Na5 7. Nbd2 Nxc4 8. Nxc4 Qc7 9. Bd2 Nf6 10. h3 O-O 11. Ne3 d6 12. Qc2 h6 13. Nh2 b5 14. Rae1 Bb7 15. Neg4 Nxg4 16. Nxg4 h5 17. Ne3 e6 18. f4 f5 19. exf5 gxf5 20. Qd1 {0-1 Romi,M-Trifunovic,P Olympiad-06 Warsaw 1935 (13)}) ({RR} 5... Nf6 6. e5 Ng8 7. d4 d5 8. exd6 Qxd6 9. Ng5 Nh6 10. Ne4 Qc7 11. Nxc5 O-O 12. Bxh6 Bxh6 13. Na3 a6 14. Bb3 Qf4 15. Nd3 Qh4 16. Qf3 Bg4 17. Qe4 Qg5 18. f4 Qh5 19. Ne5 Nxe5 20. fxe5 {1-0 Petersen,J-Max,H Munich Schach-Olympia (No FIDE event) 1936 (9)}) 6. Bxg8 {[%emt 0:06:10]} Rxg8 {[%emt 0:00:19]} 7. exf5 {[%emt 0:00:07]} d6 {[%emt 0:07:14]} 8. fxg6 {[%emt 0:01:13]} hxg6 {[%emt 0:00:07]} 9. d4 {[%emt 0:02:39]} cxd4 {[%emt 0:03:10]} 10. Nxd4 {[%emt 0:04:26]} Nxd4 {[%emt 0:00:34]} 11. cxd4 {[%emt 0:00:09]} Qb6 {[%emt 0:02:27]} 12. Be3 {[%emt 0:07:32]} Qxb2 {[%emt 0:05:59]} 13. Nd2 {[%emt 0:00:36]} Qb5 {[%emt 0:00:15]} 14. Re1 {[%emt 0:05:24]} Bd7 {[%emt 0:05:14]} 15. Ne4 {[%emt 0:10:57]} Qd5 {[%emt 0:08:52]} 16. Bg5 {[%emt 0:04:06]} Bc6 {[%emt 0:08:22]} 17. Bxe7 {[%emt 0:07:37]} Kd7 {[%emt 0:04:37]} 18. Bf6 {[%emt 0:12:29]} Qf5 {[%emt 0:07:55]} 19. d5 {[%emt 0:07:42]} Qxd5 {[%emt 0:21:46]} 20. Bxg7 {[%emt 0:02:24]} Qxd1 {[%emt 0:00:09]} 21. Raxd1 Rxg7 {[%emt 0:03:14]} 22. Nc5+ {[%emt 0:00:57]} Kc8 {[%emt 0:03:11]} 23. Rxd6 {[%emt 0:00:10]} Kc7 {[%emt 0:03:22]} 24. Rf6 {[%emt 0:02:29]} Kb6 {[%emt 0:00:25]} 25. Ne6 {[%emt 0:01:36]} Re7 {[%emt 0:00:26]} 26. Rb1+ {[%emt 0:00:07]} Ka5 {[%emt 0:01:27]} 27. Nd4 {[%emt 0:01:20]} Be4 {[%emt 0:01:18]} 28. Nb3+ {[%emt 0:01:22]} Kb4 {[%emt 0:00:41]} 29. Re1 {[%emt 0:01:05]} Ka3 {[%emt 0:01:06]} 30. f3 {[%emt 0:00:43]} Kxa2 {[%emt 0:00:29]} 31. Nc1+ {[%emt 0:00:05]} Kb2 {[%emt 0:00:15]} 32. fxe4 {[%emt 0:00:09]} a5 {[%emt 0:00:31]} 33. Rf3 {[%emt 0:01:40]} Rc7 {[%emt 0:00:49]} 1-0